| 000 | 01038cam a2200277 4500 | ||
|---|---|---|---|
| 001 | J85087 | ||
| 008 | 090401t1997 xxu||||| |||| 00| 0 eng d | ||
| 035 | _a(Sirsi) u79503 | ||
| 041 | _aeng | ||
| 050 | _a692.9 | ||
| 110 |
_aJoint Contracts Tribunal _93664 |
||
| 245 | _aSub-contract Conditions for Sub-Contractors Named Under the Intermediate Form of Building Contract: (NAM/SC) 1984 ... amendment 10 and guidance note issued May 1997 : joint code of practice on the protection from fire of construction sites and buildings undergoing renovation. | ||
| 260 |
_aBirmingham _bConstruction Industry Publications Ltd. _c1997 |
||
| 300 | _a1 folded sheet ; 30cm. | ||
| 350 | _a1.4 | ||
| 650 | _aAMENDMENT 10 | ||
| 650 | _aBUILT ENVIRONMENT-BUILDING CONTRACT FORMS | ||
| 650 | _aFIRE PROTECTION | ||
| 650 | _aINTERMEDIATE FORM OF BUILDING CONTRACT 1984 | ||
| 650 | _aJOINT FIRE CODE | ||
| 650 | _aNAM/SC | ||
| 650 | _aRENOVATIONS | ||
| 690 | _aBUILT ENVIRONMENT-BUILDING CONTRACT FORMS | ||
| 942 | _n0 | ||
| 948 | _c08/07/1997 | ||
| 999 |
_c96549 _d96549 |
||